| 000 | 00828cam a2200277 4500 | ||
|---|---|---|---|
| 001 | ABS66417 | ||
| 008 | 030304n2003 000 0 eng u | ||
| 035 | _a(Sirsi) u121509 | ||
| 245 | _aFocus 2003: Hertfordshire | ||
| 260 | _c2003 | ||
| 490 |
_aEstates Gazette _v(0307) 15 February 2003, 63-85(11) |
||
| 590 | _aABS | ||
| 650 | _aHERTFORDSHIRE | ||
| 650 | _aST ALBANS | ||
| 650 | _aWATFORD | ||
| 650 | _aSTEVENAGE | ||
| 650 | _aHEMEL HEMPSTEAD | ||
| 650 | _aHATFIELD | ||
| 650 | _aWELWYN GARDEN CITY | ||
| 650 | _aOCCUPIERS | ||
| 650 | _aPROPERTY-COMMERCIAL PROPERTY-OFFICE PROPERTY-OFFICE PROPERTY MARKET | ||
| 650 | _aINDUSTRIAL MARKET | ||
| 650 | _aPROPERTY-COMMERCIAL PROPERTY-RETAIL PROPERTY-RETAIL PROPERTY MARKET | ||
| 690 | _aPROPERTY-COMMERCIAL PROPERTY-COMMERCIAL PROPERTY MARKET | ||
| 942 | _n0 | ||
| 999 |
_c72214 _d72214 |
||